000 00550nam a2200181Ia 4500
008 090124s9999 xx 000 0 und d
082 _b21581
100 _aराजाध्यक्ष विजया
245 _a हंुकार
250 _a1
260 _bमौज प्रकाशन गृह
_c1984
300 _a250
600 _aराजाध्यक्ष विजया
630 _a हंुकार
700 _aराजाध्यक्ष विजया
730 _a हंुकार
942 _cBOOK
999 _c91539
_d91539